Villes les plus sûres du monde - Statistiques

Statistiques générales
  • Ce quiz a été pris 25 fois
  • Le résultat moyen est 3 sur 7
Statistiques - réponses
Hint Réponse % Correct
89 / 100 Tokyo
80%
91,5 / 100 Singapour
65%
94,3 / 100 Copenhague
45%
89,4 / 100 Sydney
45%
89,7 / 100 Toronto
40%
88,5 / 100 Amsterdam
35%
88,3 / 100 Wellington
25%
Aucun quiz correspondant
Distribution des résultats
% des personnes avec chaque résultat
Percentile par nombre de réponses
Votre historique - résultats
Vous n’avez pas pris ce quiz